Bioprocess Engineering: Systems, Equipment and Facilities (Record no. 14339)
[ view plain ]
| 000 -LEADER | |
|---|---|
| fixed length control field | 00392nam a22001457a 4500 |
| 020 ## - INTERNATIONAL STANDARD BOOK NUMBER | |
| ISBN | 9788126524969 |
| 082 ## - DEWEY DECIMAL CLASSIFICATION NUMBER | |
| Classification number | 660.63 |
| Item number | LYD/BI |
| 245 ## - TITLE STATEMENT | |
| Title | Bioprocess Engineering: Systems, Equipment and Facilities |
| 260 ## - PUBLICATION, DISTRIBUTION, ETC. (IMPRINT) | |
| Place of publication | New Delhi |
| Name of publisher | Wiley India Pvt.Ltd |
| Year of publication | 210 |
| 300 ## - PHYSICAL DESCRIPTION | |
| Number of Pages | 805 |
| 700 ## - ADDED ENTRY--PERSONAL NAME | |
| Personal name | Lydersen,Bjorn,K. |
| 700 ## - ADDED ENTRY--PERSONAL NAME | |
| Personal name | D'elia,Nancy,A. |
| 700 ## - ADDED ENTRY--PERSONAL NAME | |
| Personal name | Nelson,Kim,L. |
| 942 ## - ADDED ENTRY ELEMENTS (KOHA) | |
| Koha item type | Books |
| Withdrawn status | Lost status | Damaged status | Collection code | Home library | Current library | Shelving location | Date acquired | Source of acquisition | Cost, normal purchase price | Full call number | Accession Number | Koha item type |
|---|---|---|---|---|---|---|---|---|---|---|---|---|
| KAUAET | KAUAET | General Stacks | 17/06/2016 | Dream Tech, Trivandrum | 1195.00 | 660.63 LYD/BI | 24427 | Books |
